banner-ar

CHILDREN'S DRAMA : (Record no. 15752)

MARC details
000 -الفاتح
حقل البيانات ثابتة الطول 00704nam a2200205Ia 4500
008 - عناصر البيانات ثابتة الطول - معلومات عامة
حقل البيانات ثابتة الطول 140319s9999 xx 000 0 eng d
020 ## - الرقم الدولى المعيارى للكتب
الرقم الدولى المعيارى للكتاب 9771800353
040 ## - مصدر الفهرسة
وكالة الفهرسة الأصلية GCL /
وكالة النسخ GCL
082 04 - رقم تصنيف ديوى العشرى
رقم التصنيف 372.66
رقم المادة K G
100 1# - المدخل الرئيسى - إسم شخصى
الإسم الشخصى MOHAMED ABOU EL KHIR
245 10 - بيان العنوان
العنوان CHILDREN'S DRAMA :
بقية العنوان THE USE OF RESOURCES IN THE DEVELOPMENT OF LEARNING THROUGH DRAMA IN EDUCATION /
بيان المسئوليه,etc MOHAMED ABOU EL KHIR
260 ## - PUBLICATION, DISTRIBUTION, ETC. (IMPRINT)
تاريخ النشر أو التوزيع 1996
300 ## - الوصف المادى
التعداد 22CM ؛
أبعاد الوعاء 290 P
650 04 - المدخل الاضافى بالموضوع-مصطلح موضوعى
مصطلح موضوعي THEATER - STUDY AND TEACHING
650 04 - المدخل الاضافى بالموضوع-مصطلح موضوعى
مصطلح موضوعي ELEMENTARY EDUCATION
650 04 - المدخل الاضافى بالموضوع-مصطلح موضوعى
مصطلح موضوعي LANGUAGE - LITERATURE
650 04 - المدخل الاضافى بالموضوع-مصطلح موضوعى
مصطلح موضوعي DRAMA - EDUCATION
942 ## - عناصر المدخل الإضافي( كوها)
مصدر التصنيف او مخطط الترفيف Dewey Decimal Classification
Koha [default] item type كتاب
260 ## - PUBLICATION, DISTRIBUTION, ETC. (IMPRINT)
-- القاهرة :
-- THE DOCUMENTATION AND RESEARCH CENTER FOR CHILDREN'S LITERATURE ،
Holdings
حالة التراجع حالة الفقد حالة تلف ليس للاعارة المكان المؤقت الموقع الحالى تاريخ الاكتساب اجمالي اﻻعارات رقم الطلب الباركود تاريخ اخر مشاهدة تاريخ تفعيل السعر نوع وعاء كوها
        مكتبة القاهرة الكبرى مكتبة القاهرة الكبرى 03/26/2014   372.66\K G 29018 03/26/2014 03/26/2014 كتاب
        مكتبة القاهرة الكبرى مكتبة القاهرة الكبرى 03/26/2014   372.66\K G 29019 03/26/2014 03/26/2014 كتاب

Powered By

EGPV